000 00465nam a2200181Ia 4500
001 1587
005 20260306143739.0
008 260306t2008||||xx |||||||||||||| ||spa||
041 _aESP
082 _a152.42
_bT53
100 _aTierno, Bernabé
_eAUT
245 0 _aLos Pilares de la Felicidad:
_b30,000 días para una vida en plenitud
260 _c2008
300 _a277 páginas :
_c23 x 16 cm.
650 _aGEN
654 _aCPS
942 _cLIB
_dJUS
_fJUS
_2ddc
_n
999 _c1587
_d1587